Felipe II (Record no. 1966)

MARC details
000 -CABECERA
campo de control de longitud fija 01271nam a2200265 a 4500
001 - NÚMERO DE CONTROL
campo de control BRCA_2210
005 - FECHA Y HORA DE LA ÚLTIMA TRANSACCIÓN
campo de control 20190320203721.0
008 - DATOS DE LONGITUD FIJA--INFORMACIÓN GENERAL
campo de control de longitud fija 000210s1998 sp-a---##b---#001-0#spa-#
020 ## - NÚMERO INTERNACIONAL ESTÁNDAR DEL LIBRO
Número Internacional Estándar del Libro 8495146088
040 ## - FUENTE DE LA CATALOGACIÓN
Centro catalogador/agencia de origen DLC
Centro/agencia transcriptor DLC
Centro/agencia modificador DLC
050 #4 - SIGNATURA TOPOGRÁFICA DE LA BIBLIOTECA DEL CONGRESO
Número de clasificación DP178
Número de documento/Ítem .F45 1998
245 10 - MENCIÓN DE TÍTULO
Título Felipe II
Resto del título un monarca y su época. Las tierras y los hombres del rey.
260 ## - PUBLICACIÓN, DISTRIBUCIÓN, ETC.
Lugar de publicación, distribución, etc. [Madrid?]
Nombre del editor, distribuidor, etc. Sociedad Estatal para la Conmemoración de los Centenarios de Felipe II y Carlos V
Fecha de publicación, distribución, etc. c1998
300 ## - DESCRIPCIÓN FÍSICA
Extensión 584 p.
Otras características físicas il. a color, mapas
Dimensiones 30 cm.
500 ## - NOTA GENERAL
Nota general Incluye índice onomástico
500 ## - NOTA GENERAL
Nota general Catálogo de la exposición realizada en el Museo Nacional de Escultura (Valladolid), 22 octubre, 1998 - 10 enero, 1999
500 ## - NOTA GENERAL
Nota general Estado físico: encuadernado, marzo 2015. Debido a su gran extensión de páginas se encuaderno en dos partes
504 ## - NOTA DE BIBLIOGRAFÍA, ETC.
Nota de bibliografía, etc. Bibliografía : p. 533-572
600 14 - PUNTO DE ACCESO ADICIONAL DE MATERIA--NOMBRE DE PERSONA
Nombre de persona Felipe
Numeración II
Títulos y otros términos asociados al nombre Rey de España
Fechas asociadas al nombre 1527-1598
Subdivisión de forma Exposiciones
9 (RLIN) 1268
651 #4 - PUNTO DE ACCESO ADICIONAL DE MATERIA--NOMBRE GEOGRÁFICO
Nombre geográfico España
Subdivisión de forma Exposiciones
Subdivisión general Civilización
Subdivisión cronológica 1516-1700
9 (RLIN) 6657
651 #4 - PUNTO DE ACCESO ADICIONAL DE MATERIA--NOMBRE GEOGRÁFICO
Nombre geográfico España
Subdivisión de forma Exposiciones
Subdivisión general Política y gobierno
Subdivisión cronológica 1556-1598
9 (RLIN) 6658
710 2# - PUNTO DE ACCESO ADICIONAL--NOMBRE DE ENTIDAD CORPORATIVA
Nombre de entidad corporativa o nombre de jurisdicción como elemento de entrada Sociedad Estatal para la Conmemoración de los Centenarios de Felipe II y Carlos V
9 (RLIN) 6659
710 2# - PUNTO DE ACCESO ADICIONAL--NOMBRE DE ENTIDAD CORPORATIVA
Nombre de entidad corporativa o nombre de jurisdicción como elemento de entrada Museo Nacional de Escultura (Valladolid, España)
9 (RLIN) 6660
942 ## - ELEMENTOS DE PUNTO DE ACCESO ADICIONAL (KOHA)
Fuente del sistema de clasificación o colocación Library of Congress Classification
Tipo de ítem Koha Libros
Holdings
Estado de retiro Estado de pérdida Estado dañado No para préstamo Localización permanente Ubicación/localización actual Fecha de adquisición Total de préstamos Signatura topográfica completa Código de barras Fecha visto por última vez Precio válido a partir de Tipo de ítem Koha
El ejemplar forma parte de la colección y puede ser consultado según las políticas vigentes.       Biblioteca del Museo Franz Mayer (Rogerio Casas-Alatriste) Biblioteca del Museo Franz Mayer (Rogerio Casas-Alatriste) 14/08/2008   DP178 .F45 1998 02259 22/03/2019 22/03/2019 Libros